Winners of tour of France - Statistics

General Stats
  • This quiz has been taken 150 times
  • The average score is 9 of 21
Answers on the Grid
Answers color-coded by a green-red scale on the quiz's grid according to % correct below.
Maurice Garin
Gustave Garrigou
Jean Alavoine
Miguel Indurain
Greg Lemond
Raymond Poulidor
Primoz Roglic
Tadej Pogacar
Fausto Coppi
Pedro Delgado
Nairo Quintana
Eddy Merckx
Jean Robic
Bernard Hinault
Egan Bernal
Remco Evenepoel
Sean Kelly
Francesco Moser
Vicenzo Nibali
Oscar Pereiro
Chris Froome
Cadel Evans
Laurent Fignon
Wout Van Aert
Tony Rominger
Alex Zulle
Gino Bartali
Richard Virenque
Jacques Anquetil
Luis Ocaña
Hugo Koblet
Marco Pantani
 
Answer Stats
Answer % Correct
Chris Froome
75%
Tadej Pogacar
73%
Eddy Merckx
72%
Miguel Indurain
64%
Bernard Hinault
58%
Greg Lemond
51%
Egan Bernal
49%
Marco Pantani
47%
Vicenzo Nibali
46%
Cadel Evans
45%
Fausto Coppi
43%
Jacques Anquetil
43%
Laurent Fignon
42%
Oscar Pereiro
33%
Gino Bartali
30%
Pedro Delgado
29%
Luis Ocaña
21%
Hugo Koblet
20%
Jean Robic
18%
Maurice Garin
16%
Gustave Garrigou
13%
No matching quizzes found
Score Distribution
Percent of People with Each Score
Percentile by Number Answered
Your Score History
You have not taken this quiz